Лабораторные работы по электротехнике с основами промышленной электроники: учебное пособие для средних специальных учебных заведений

ग्रंथसूची विवरण
मुख्य लेखक: Глебович А. А. Александр Александрович
भाषा:रूसी
प्रकाशित: Москва, Высшая школа, 1976
संस्करण:4-е изд., перераб. и доп.
विषय:
स्वरूप: पुस्तक
KOHA link:https://koha.lib.tpu.ru/cgi-bin/koha/opac-detail.pl?biblionumber=295779

MARC

LEADER 00000nam0a2200000 4500
001 295779
005 20231102000837.0
035 |a (RuTPU)RU\TPU\book\320868 
090 |a 295779 
100 |a 20150526d197 m y0rusy50 ca 
101 0 |a rus 
102 |a RU 
105 |a a j 001zy 
200 1 |a Лабораторные работы по электротехнике с основами промышленной электроники  |e учебное пособие для средних специальных учебных заведений  |f А. А. Глебович 
205 |a 4-е изд., перераб. и доп. 
210 |a Москва  |c Высшая школа  |d 1976 
215 |a 181 с.  |c ил. 
320 |a Библиогр.: с. 178. 
606 |a Электротехника общая  |2 stltpush  |3 (RuTPU)RU\TPU\subj\20906  |9 45967 
606 1 |a Электроника промышленная  |2 stltpush  |3 (RuTPU)RU\TPU\subj\20336  |9 45445 
610 1 |a постоянный ток 
610 1 |a электромагнетизм 
610 1 |a переменный ток 
610 1 |a электроизоляционные приборы 
610 1 |a трансформаторы 
610 1 |a электрические приборы 
610 1 |a электрические машины 
610 1 |a электровакуумные приборы 
610 1 |a полупроводниковые приборы 
610 1 |a лабораторные работы 
610 1 |a учебные пособия 
675 |a 621.3(076.5)  |v 3 
675 |a 621.38(076.5)  |v 3 
700 1 |a Глебович  |b А. А.  |g Александр Александрович 
801 1 |a RU  |b 63413507  |c 20150526 
801 2 |a RU  |b 63413507  |c 20150707  |g RCR 
942 |c BK